Aplikácia strojového učenia nad sekvenčnými dátami
Saved in:
| Main Author: | |
|---|---|
| Other Authors: | |
| Format: | Manuscript Book |
| Language: | Slovak |
| Published: |
2016
|
| Subjects: | |
| Online Access: | http://is.stuba.sk/zp/portal_zp.pl?podrobnosti=119342 |
| Tags: |
No Tags, Be the first to tag this record!
|
MARC
| LEADER | 00000ntm a22000003a 4500 | ||
|---|---|---|---|
| 001 | stuzp59029 | ||
| 003 | SK-STU | ||
| 005 | 20160719155737.0 | ||
| 007 | ta | ||
| 008 | 150427s2015----xo-----f-mn---000-0-slo-d | ||
| 040 | |a STU |b slo | ||
| 041 | 0 | |a slo | |
| 100 | 1 | |a Uherek, Peter |u 070200 |k Z4 |4 aut |U FIIT Fakulta informatiky a informačných technológií |T FIIT Ústav informatiky, informačných systémov a softvérového inžinierstva |X 8461 |U I200 |Y 179 |7 A000008461 | |
| 242 | 0 | 1 | |a Application of machine learning for sequential data |y eng |
| 245 | 1 | 0 | |a Aplikácia strojového učenia nad sekvenčnými dátami |
| 260 | |c 2016 | ||
| 650 | 4 | |a LSTM |2 slo | |
| 650 | 4 | |a dolovanie v dátach |2 slo | |
| 650 | 4 | |a strojové učenie |2 slo | |
| 650 | 4 | |a umelé neurónové siete |2 slo | |
| 650 | 4 | |a predikcia |2 slo | |
| 650 | 4 | |a sekvenčné dáta |2 slo | |
| 650 | 4 | |a machine learning |2 eng | |
| 650 | 4 | |a LSTM |2 eng | |
| 650 | 4 | |a data mining |2 eng | |
| 650 | 4 | |a predictions |2 eng | |
| 650 | 4 | |a sequential data |2 eng | |
| 650 | 4 | |a artificial neural networks |2 eng | |
| 700 | 1 | |a Barla, Michal |u 070200 |k Z8 |4 ths |U FIIT Fakulta informatiky a informačných technológií |T FIIT Ústav informatiky, informačných systémov a softvérového inžinierstva |X 3653 |U I200 |Y 179 |7 3653 | |
| 856 | 4 | |u http://is.stuba.sk/zp/portal_zp.pl?podrobnosti=119342 | |
| 996 | |b 8277 |c I* DIP 101/2016 |l II680 |s P |a 0 |w stuzp59029_0001 | ||
| SQL | |a stuzp59029 |b DDP |c SLO |d Aplikácia strojového učenia nad sekvenčnými dátami |e 8461 |f Uherek, Peter |g 070200 |h 3653 |i Barla, Michal |j 20160613 |k 205 |l 07 |m http://is.stuba.sk/zp/portal_zp.pl?podrobnosti=119342 |n I-IS2 |o 9.2.6. informačné systémy | ||